La gramática estructural en la escuela secundaria

Shranjeno v:
Bibliografske podrobnosti
Glavni avtor: Manacorda de Rosetti, Mabel
Format: Knjiga
Jezik:Undetermined
Izdano: Buenos Aires, Argentina Kapelusz 1961
Teme:
Oznake: Označite
Brez oznak, prvi označite!

MARC

LEADER 00000nam a2200000Ia 4500
008 170316s9999 xx 000 0 und d
090 |a 415-E M-3g 
100 |a Manacorda de Rosetti, Mabel 
245 |a La gramática estructural en la escuela secundaria 
260 |a Buenos Aires, Argentina 
260 |b Kapelusz 
260 |c 1961 
300 |a 93 páginas 
650 |a GRAMÁTICA ESPAÑOLA 
999 |c 19043  |d 19043 
040 |a cru BVZT 
942 |c 15 D  |h 415-E M-3g  |2 z